000 00485ntaaa2200181 4500
003 01
005 20251027203130.0
008 0714s1973 ag 01
040 _aAR-BaBN
_bspa
_cAR-BaBN
_eaacr
_dRIC
082 _a784.3061 Wl2
100 _aWagner, (Wilhelm) Richard
_932807
245 _a5 lieder para una voz con acompañamiento de piano.
250 _a1 ed.
260 _aBuenos Aires :
_bRicordi Americana,
_cn.f.
300 _a31 p.
650 _aMúsica-Solo
_93955
942 _cBK
999 _c26735
_d26735